Specific heats at low temperatures.

Saved in:
Bibliographic Details
Main Author: Raja Gopal, Erode Subramanian
Format: Book
Language:English
Published: London : Heywood Books, [1966].
Series:International cryogenics monograph series ; v. 3.
Subjects:
LEADER 00896nam a2200241 i 4500
001 c000306038
003 CARM
005 00000000000000.0
008 840313s1966 enk 0 eng d
019 1 |a 714655  |5 LACONCORD2021 
035 |a (OCoLC)2522892  |5 LACONCORD2021 
082 0 4 |a 536.6 
100 1 |a Raja Gopal, Erode Subramanian. 
245 1 0 |a Specific heats at low temperatures. 
260 |a London :  |b Heywood Books,  |c [1966]. 
300 |a 240 p. :  |b illus. 
490 0 |a The International cryogenics monographs series ;  |v v. 3 
650 0 |a Specific heat. 
650 0 |a Low temperatures. 
830 0 |a International cryogenics monograph series ;  |v v. 3. 
852 8 |b CARM  |h A1:AL05B0  |i B10621  |p 0499041  |f BK 
999 f f |i 8139312a-8c4d-58e2-8348-16710b446a7f  |s dcc62076-4082-5d80-977b-8e22b81281e0 
952 f f |p Can circulate  |a CAVAL  |b CAVAL  |c CAVAL  |d CARM 1 Store  |e B10621  |f A1:AL05B0  |h Other scheme  |i book  |m 0499041